000 00640nam a22002177a 4500
999 _c15838
_d15838
003 AR-CdUCM
008 190430b ||||| |||| 00| 0 spa d
040 _aMUNICIPALIDAD PROVINCIAL DEL CUSCO
_cBIBLIOTECA MUNICIPAL DEL CUSCO
082 _a891.7 /
_bL6
100 _aLidine, Vladimir
_935037
245 _aEl renegado /
260 _aSantiago de Chile :
_bLetras,
_c1933.
300 _a113 páginas ;
_c18 cm.
440 _aBiblioteca letras ;
_n36
_935038
505 _aNovela
650 _aLiteratura chilena
_92985
650 _aNovelas chilenas
_92077
650 _aSiglo XX.
_98
942 _2ddc
_cLIBROS
945 _aacv
_d2019-04-30